Don't let the pigeon stay up late! / (Record no. 47538)
[ view plain ]
| 000 -LEADER | |
|---|---|
| fixed length control field | 00510nam a2200193 a 4500 |
| 001 - CONTROL NUMBER | |
| control field | 4110 |
| 005 - DATE AND TIME OF LATEST TRANSACTION | |
| control field | 20140428131601.0 |
| 008 - FIXED-LENGTH DATA ELEMENTS--GENERAL INFORMATION | |
| fixed length control field | 090202s19uu xx 00 eng d |
| 020 ## - INTERNATIONAL STANDARD BOOK NUMBER | |
| International Standard Book Number | 0-7868-3746-2 |
| 050 ## - LIBRARY OF CONGRESS CALL NUMBER | |
| Classification number | ER |
| Item number | D65 2006 |
| 100 ## - MAIN ENTRY--PERSONAL NAME | |
| Personal name | Willems, Mo |
| 245 ## - TITLE STATEMENT | |
| Title | Don't let the pigeon stay up late! / |
| Statement of responsibility, etc | words and pictures by Mo Willems. |
| 260 ## - PUBLICATION, DISTRIBUTION, ETC. (IMPRINT) | |
| Place of publication, distribution, etc | New York : |
| Name of publisher, distributor, etc | Scholastic, |
| Date of publication, distribution, etc | c2006. |
| 300 ## - PHYSICAL DESCRIPTION | |
| Extent | 48 p. : |
| Other physical details | col. ill. ; |
| Dimensions | 23 cm. |
| 521 ## - TARGET AUDIENCE NOTE | |
| Target audience note | |
| 526 ## - STUDY PROGRAM INFORMATION NOTE | |
| Reading level | 270 |
| 942 ## - ADDED ENTRY ELEMENTS (KOHA) | |
| Source of classification or shelving scheme | Library of Congress Classification |
| Koha item type | Books |
| Withdrawn status | Lost status | Source of classification or shelving scheme | Damaged status | Home library | Current library | Shelving location | Date acquired | Total Checkouts | Full call number | Barcode | Date last seen | Copy number | Price effective from | Koha item type |
|---|---|---|---|---|---|---|---|---|---|---|---|---|---|---|
| Library of Congress Classification | Munich Library | Munich Library | Scholastic Reading Center Section | 03/20/2014 | PZ 7 .W65535Don 2007 | MS1278 | 03/20/2014 | 1 | 03/20/2014 | Books |